|
|
|
|
| LEADER |
00000nam a22000007a 4500 |
| 005 |
20140525002134.0 |
| 007 |
cr|||| |||| |
| 008 |
140525s2014 cu |||||s|||| 00||0 spa d |
| 020 |
|
|
|a 978-959-7219-06-4
|
| 035 |
|
|
|a 12176
|
| 040 |
|
|
|a vLex
|
| 090 |
|
|
|c 4959
|d 4959
|
| 100 |
1 |
|
|a Vz̀quez De Alvar,̌ Dǹice
|
| 245 |
1 |
3 |
|a La competencia DESLEAL en el mercado cubano
|h [Recurso electrn̤ico] /
|c Dǹice Vz̀quez De Alvař
|
| 256 |
|
|
|a Servicio en ln̕ea
|
| 260 |
|
|
|a La Habana:
|b Unin̤ Nacional de Juristas de Cuba,
|c 2014
|
| 300 |
|
|
|a 1 recurso electrn̤ico
|
| 506 |
1 |
|
|a Disponible solo en los productos indicados
|d vLex Global
|d vLex Global (Academic Edition, excluding Law Schools)
|d vLex Global (U.S. Academic Edition, Law Schools)
|d vLex Global (U.S. Academic Edition, excluding Law Schools)
|d vLex Global (Academic Edition, Law Schools)
|
| 650 |
0 |
4 |
|a Derecho Mercantil y de la Empresa
|z Cuba
|
| 740 |
0 |
|
|a vLex Libros (Servicio en ln̕ea)
|
| 856 |
4 |
0 |
|u http://vlex.com/source/competencia-desleal-mercado-cubano-12176
|z Acceso restringido
|
| 942 |
|
|
|c BOOK
|
| 999 |
0 |
|
|a Commercial Law and Business
|